00653pam a2200229 i 45000010008000000030005000080050017000130080041000300100017000710200015000880400018001030500022001210820010001431000032001532450053001852500012002382600051002503000044003015000020003456500016003656500042003811319977PILC20150523085025.0780630s1979 nyua b 001 0 eng  a 78015744  a0030195365 aDLCcDLCdDLC00aHA 29b.W721 197900a519.51 aWilliams, Frederick,d1933-10aReasoning with statistics /cFrederick Williams. a2nd ed. aNew York :bHolt, Rinehart and Winston,c1979. ax, 204 pages :billustrations ;c24 cm. aIncludes index. 0aStatistics. 0aSocial sciencesxStatistical methods.